Movies Quiz

Random Movies or Clickable Quiz

Disney Mimicry Quiz Stats

 Plays Quiz Updated Dec 3, 2018

Support Sporcle.
Go Orange.
Score 0/20 Timer 06:00
0 Plays Today
% Correct
Tangled
95%
Mulan
94.8%
Aladdin
93.5%
Hercules
92.7%
Beauty and the Beast
92%
Oliver & Company
91%
The Sword in the Stone
87.2%
Pocahontas
85.7%
Alice in Wonderland
82.7%
The Many Adventures of Winnie-the-Pooh
79.6%
% Correct
The Lion King
77.5%
The Hunchback of Notre Dame
77.4%
The Jungle Book
75.9%
The Little Mermaid
74%
Robin Hood
71.1%
Peter Pan
66.3%
Treasure Planet
63.2%
Atlantis: The Lost Empire
62.7%
Tarzan
53.1%
The Fox and the Hound
49.7%

You're not logged in!

Compare scores with friends on all Sporcle quizzes.
OR
Log In
Forgot?

From the Vault

MLB 500 HR, 500 Doubles, and 1500 RBI

by chief7575

Sports 2m
Clearly these guys know a thing or two about hitting.
Remove Ads.
Support Sporcle.
Get the best of Sporcle when you Go Orange. This ad-free experience offers more features, more stats, and more fun while also helping to support Sporcle. Thank you for becoming a member.

Show Comments

Extras

Top Quizzes Today


Score Distribution

Your Account Isn't Verified!

In order to create a playlist on Sporcle, you need to verify the email address you used during registration. Go to your Sporcle Settings to finish the process.

Report this User

Report this user for behavior that violates our Community Guidelines.

Details: